Rozbor účinnosti reklamy modelovými postupy
Vzťah medzi reklamou a predajom (príklad). Potreba marketingu - vedieť, aká je reakcia na reklamu v priebehu času. Ekonometrické modelovanie.
Guardado en:
| Autor principal: | |
|---|---|
| Formato: | Capítulo de libro |
| Lenguaje: | checo |
| Materias: | |
| Etiquetas: |
Sin Etiquetas, Sea el primero en etiquetar este registro!
|
MARC
| LEADER | 00000naa a2200000 4500 | ||
|---|---|---|---|
| 001 | r016650 | ||
| 005 | 20230113115844.3 | ||
| 041 | 0 | |a cze | |
| 044 | |a CZ | ||
| 245 | 1 | 0 | |a Rozbor účinnosti reklamy modelovými postupy |c V. Pánková |
| 520 | |a Vzťah medzi reklamou a predajom (príklad). Potreba marketingu - vedieť, aká je reakcia na reklamu v priebehu času. Ekonometrické modelovanie. | ||
| 610 | 2 | 0 | |a reklama |
| 610 | 2 | 0 | |a predaj |
| 610 | 2 | 0 | |a marketing |
| 610 | 2 | 0 | |a modelovanie ekonometrické |
| 610 | 2 | 0 | |a modely ekonometrické |
| 100 | 1 | |a Pánková, Václava | |